000 00592nam a2200229Ia 4500
003 OSt
005 20230620103653.0
008 210423s2008 xx 000 0 und d
020 _a9788181281234
040 _cAL
041 _aeng
082 _a530.12 GREW
_223
100 _aGREINER (Walter).
_999205
245 _aQuantum mechanics: an introduction.
250 _a4
260 _aNew Delhi
_bSpringer Verlag
_c2008
300 _axxi,485
_bPB
365 _b395
_cINR
650 _aQuantum Mechanics
_999206
906 _aan ; introduction. ; mechanics: ; Quantum
942 _2ddc
_cBK
999 _c162218
_d162218